El Greco: el visionario iluminado
Salvato in:
| Autore principale: | |
|---|---|
| Natura: | Libro |
| Lingua: | spagnolo |
| Pubblicazione: |
Buenos Aires
Losada
1960
|
| Edizione: | 2a. ed |
| Serie: | Biblioteca Contemporánea
|
| Soggetti: | |
| Tags: |
Aggiungi Tag
Nessun Tag, puoi essere il primo ad aggiungerne!!
|
MARC
| LEADER | 00000cam a2200000 a 4500 | ||
|---|---|---|---|
| 001 | UCZ4404 | ||
| 003 | CL-VaPUC | ||
| 008 | 951109e19600000AG |||||||||||||||||spa|d | ||
| 082 | 0 | 4 | |a 927 |b GOM |2 21 |
| 100 | 0 | |a Goméz de la Serna, Ramón |e author |9 344182 | |
| 245 | 1 | 3 | |a El Greco: el visionario iluminado |
| 250 | |a 2a. ed | ||
| 300 | |a 152 p | ||
| 942 | |c BK | ||
| 945 | |d 19951109 00:00:00 |a rleighto | ||
| 260 | |a Buenos Aires |b Losada |c 1960 | ||
| 600 | 0 | |a El Greco |9 341177 | |
| 650 | 0 | |a Biografías |9 255210 | |
| 650 | 0 | |a Pintura española |9 315217 | |
| 650 | 0 | |a Pintores españoles |9 315216 | |
| 583 | |a last modification |c 20130923 07:14:04 |k Rodrigo Vera | ||
| 490 | 0 | |a Biblioteca Contemporánea | |
| 999 | |c 240796 |d 240794 | ||
| 952 | |0 0 |1 0 |4 0 |6 927_000000000000000_GOM_1960 |7 0 |8 P |9 252827 |a BIBARQ |b BIBARQ |d 2019-11-18 |i 3146863 |o 927 GOM 1960 |p 3146863 |r 2025-01-20 |w 2019-11-18 |y BK |k ARQ | ||
| 952 | |0 0 |1 0 |3 erb |4 0 |6 927_000000000000000_GOM_1960 |7 0 |8 A |9 252828 |a BIBART |b BIBART |d 2019-11-18 |i 501056K |o 927 GOM 1960 |p 501056K |r 2025-03-13 |w 2019-11-18 |y BK |z Catalogado en:20130930 |k ART | ||